000 00677cam a22002413a 4500
001 20148
003 PGUSA
005 20140828083427.0
008 061221s2006||||xxu|||||s|||||000 p eng d
040 _aPGUSA
_beng
042 _adc
050 4 _aPH
100 1 _aKoskenniemi, Veikko Antero,
_d1885-1962
245 1 0 _aHannu; Nuori Anssi; Sydän ja Kuolema
_h[electronic resource] /
_cVeikko Antero Koskenniemi
260 _bProject Gutenberg,
_c2006
506 _aPublic domain in the USA.
516 _aElectronic text
653 _aPoetry
653 _aFiction
830 0 _aProject Gutenberg
_v20148
856 4 0 _uhttp://www.gutenberg.org/ebooks/20148
942 _cEB
999 _c249403
_d249403